000 00767nam a22001937a 4500
999 _c63251
_d63251
005 20250707121810.0
008 250707s2023 en ||||| |||| 00| 0 eng d
020 _a 9798887401812 X
041 _aeng
080 _a616.36 H-56
245 _aHEPATOLOGY AND TRANSPLANT HEPATOLOGY : a case-based approach /
_c editor : Long Dylan
264 _aNew York:
_bAMERICAN MEDICAL PUB,
_c2023.
300 _a240 p.
_bill;
_c29 cm.
653 _aHEPATOLOGY AND TRANSPLANT HEPATOLOGY : a case-based approach
653 _aჰეპატოლოგია ტრანსპლანტაციის ჰეპატოლოგია
653 _aმედიცინა
700 _aDylan, Long
_eრედაქტორი
_925615
942 _2udc
_cᲬᲘᲒᲜᲘ